Liverpool Record Transfers - Statistics

General Stats
  • This quiz has been taken 1,273 times
  • The average score is 8 of 10
Answer Stats
Year Country Position From Transfer Fee Player % Correct
2010-2011 Uruguay FW Ajax 26,5M€ Luis Suarez
97%
2007-2008 Spain FW Atlético Madrid 38M€ Fernando Torres
95%
2014-2015 Croatia DF Southampton 25,3M€ Dejan Lovren
88%
2010-2011 England FW Newcastle 41M€ Andy Carroll
85%
2014-2015 England MD Southampton 31M€ Adam Lallana
82%
2008-2009 Ireland FW Tottenham 24M€ Robbie Keane
79%
2008-2009 Argentina MD West Ham 22,5M€ Javier Mascherano
73%
2014-2015 Serbia FW Benfica 25M€ Lazar Markovic
70%
2009-2010 England DF Portsmouth 20,5M€ Glen Johnson
60%
2011-2012 England MD Aston Villa 22,8M€ Stewart Downing
48%
No matching quizzes found
Score Distribution
Percent of People with Each Score
Percentile by Number Answered
Your Score History
You have not taken this quiz